000 00657nam a2200217Ia 4500
005 20241216011032.0
008 190212s9999||||xx |||||||||||||| ||und||
082 _a621
_bU61
100 _aUNIVERSIDAD NACIONAL DE INGENIERIA
245 0 _aRESUMENES DE TRABAJOS PRESENTADOS EN LA SEMANA DE INVESTIGACION FIM
250 _a0
260 _aLIMA-PERU
_bUNIV.NAC. DE INGENIERIA
_c1987
300 _a107 pag
_c21 cm
341 _h0
490 _v0
_a0
505 _aMOTORES-CERAMICA/OPERACION-MANTENIMIENTO (EQUIPOS FRIGORIF.)
541 _aD
_bCONCYTEC
_d18-Dec-93
_oSoles
650 _aCIENCIAS APLICADAS
856 _zCiencias Aplicadas
942 _cLIBRO
999 _c30855
_d30855